000 00662nam a2200229 i 4500
001 bg
100 1 _aREŚ, Janusz
245 1 0 _aEkologiczne techniki urabiania skał /
_cJanusz Reś.
260 _aKatowice :
_b"Śląsk",
_c2002.
300 _a149, [1] s. :
_bil. ;
_c24 cm.
504 _aBibliogr. przy rozdz.
650 9 _aGórnictwo odkrywkowe
650 9 _aSkały
_xgórnictwo
_xmetody
020 _a8371643462
040 _cBPK
041 0 _apol
080 _a622.35:622.271
920 _a83-7164-346-2
942 _cKS
008 s pl f |000 0 pol
999 _c44833
_d44833
856 _uhttp://koha.tu.koszalin.pl/cgi-bin/koha/opac-detail.pl?biblionumber=44833
_yKatalog online BPK